书目信息 |
| 题名: |
容斋随笔:全译本
|
|
| 作者: | 宋洪迈著 | |
| 分册: | ||
| 出版信息: | 北京 北京燕山出版社 1997.10 |
|
| 页数: | 280页 | |
| 开本: | 16开 | |
| 丛书名: | ||
| 单 册: | ||
| 中图分类: | Z429.44 | |
| 科图分类: | ||
| 主题词: | 文集--中国 , 全集--中国 , 选集--中国 | |
| 电子资源: | ||
| ISBN: | 7-5402-0329-3 | |
| 000 | 00588nam0 2200205 45 | |
| 001 | 9911301546 | |
| 005 | 20000322081648.9 | |
| 010 | @a7-5402-0329-3@d480.00 | |
| 100 | @a19991130d1997 km y0chiy0120 ea | |
| 101 | @achi | |
| 105 | @a z 000yy | |
| 200 | 1 | @a容斋随笔:全译本@ARong Zhai Sui Bi:Quan Yi Ben@f宋洪迈著@FSong Hong Mai Zhu |
| 210 | @a北京@c北京燕山出版社@d1997.10 | |
| 215 | @a280页@c无图表@d16开 | |
| 606 | 0 | @a文集@x中国 |
| 606 | 0 | @a全集@x中国 |
| 606 | 0 | @a选集@x中国 |
| 690 | @aZ429.44@v3 | |
| 801 | @aCN@bPerfectUser@c19991130 | |
| 905 | @aBZT@dZ429.44@e1@b70803-804@f2 | |
| 容斋随笔:全译本/宋洪迈著.-北京:北京燕山出版社,1997.10 |
| 280页:无图表;16开 |
| ISBN 7-5402-0329-3:480.00 |
| ● |
| 相关链接 |
|
|
|
正题名:容斋随笔:全译本
索取号:Z429.44/1
 
预约/预借
| 序号 | 登录号 | 条形码 | 馆藏地/架位号 | 状态 | 备注 |
| 1 | 60990 | 200369804 | 特藏书库/藏001架B面2层1列/ [索取号:Z429.44/1] | 在馆 | |
| 2 | 60991 | 200369797 | 特藏书库/藏001架B面2层1列/ [索取号:Z429.44/1] | 在馆 | |
| 3 | 70803 | 200724680 | 特藏书库/藏001架B面2层1列/ [索取号:Z429.44/1] | 在馆 | |
| 4 | 70804 | 200724760 | 特藏书库/藏001架B面2层1列/ [索取号:Z429.44/1] | 在馆 |